000 00583nam a2200169Ia 4500
008 090123s9999 xx 000 0 und d
082 _b33647
100 _aजायस्वाल जयनारायण
245 _aवजन घटवा+ वाढवा
250 _a4
260 _bगृह प्रकाशन
600 _aजायस्वाल जयनारायण
630 _aवजन घटवा+ वाढवा
700 _aजायस्वाल जयनारायण
730 _aवजन घटवा+ वाढवा
942 _cBOOK
999 _c71706
_d71706